El juego de scattergories [juego] /
Guardado en:
| Formato: | Objeto Físico |
|---|---|
| Publicado: |
Argentina :
Edukit,
[199?]
|
| Materias: | |
| Etiquetas: |
Agregar Etiqueta
Sin Etiquetas, Sea el primero en etiquetar este registro!
|
| LEADER | 00763nrm a22001575g 4500 | ||
|---|---|---|---|
| 001 | CEM.cems019225 | ||
| 008 | 130507b199?##################0###0#####d | ||
| 005 | 20220830093908.0 | ||
| 003 | CEMS | ||
| 245 | 0 | 0 | |a El juego de scattergories [juego] / |c Milton Bradley |
| 260 | |a Argentina : |b Edukit, |c [199?] | ||
| 300 | |a 1 juego (6 carpetas,6 blocs para respuestas, 18 cartas-categorías, 1 temporizador, 1 tablero, dado de 20 caras, 6 lápices) ; en caja 34 x 27 x 7 cm. + manual de instrucciones. | ||
| 500 | |a Para 2 a 6 jugadores a partir de 10 años objetivo: rellenar rápidamente una lista de categorías con las respuestas que comiencen con la misma letra. | ||
| 082 | 0 | 4 | |a J793.734 |
| 653 | |a 1. juegos de palabras | ||
| 859 | |a CEMS |b BIB. CEMS - Ludoteca |h J793.734 |i B728 |p 202.99 |t Ej.1 | ||
